000 00720nam a2200289Ia 4500
005 20260324114548.0
008 008 260324s9999 xx 000 0 eng d
020 _a9781003202301
037 _aEBOOK
040 _aCRL
040 _beng
040 _cCRL
041 _2eng
041 _aeng
084 _qCRL
100 _aBasil Kuriachen; Jose Mathew; Uday Dixit
_91151265
245 0 _aElectric Discharge Hybrid-Machining Processes
245 0 _bFundamentals and Applications
260 _bTaylor and Francis
260 _c2022
365 _a
365 _b275
856 _uhttp://www.taylorfrancis.com/books/9781003202301
942 _cEBOOK
999 _c1741520
_d1741520